000 00383cam a22001217a 4500
008 180718b1995 xxu||||| |||| 00| 0 eng d
082 _aA99 V669/Ad42
100 _aAdhikari, Santosh Kumar
245 _aVidyasagar educator, reformer and humanist
_cby Santosh Kumar Adhikari
260 _aCalcutta
_bSahityika
_c1995
300 _a152p.
650 _aVidyasagar, Iswar Chandra - Biography
999 _c391613
_d391613